The sneezing dog : and other stories

Bibliographic Details
Main Author: Blyton, Enid
Corporate Author: Title
Format: Book
Published: London : Award , 2005
Subjects:

MARC

LEADER 00000cam a2200000 7i4500
001 0000002637
005 20151222.0
008 070713
020 |a 1841354236 
090 0 0 |a JF   |b ENG 
100 1 |a Blyton, Enid 
245 1 4 |a The sneezing dog :   |b and other stories   |c Enid Blyton 
260 |a London :   |b Award ,   |c 2005 
500 |a Children ages 7-9 years old (orange) 
650 0 |a English   |x Languages 
650 0 |a Fairy tale 
710 0 |a Title 
999 |a 0000966028   |b Book   |c Teenagers   |e Perbadanan Perpustakaan Awam Johor 
999 |a 0000966029   |b Book   |c Children Collection   |e Cawangan Batu Pahat 
999 |a 0000966030   |b Book   |c Teenagers   |e Perbadanan Perpustakaan Awam Johor 
999 |a 0001126897   |b Book   |c Children Collection   |e Cawangan Taman Universiti 
999 |a 0001126899   |b Book   |c Children Collection   |e Cawangan Tmn. Ungku Tun Aminah 
999 |a 0001126900   |b Book   |c Children Collection   |e Cawangan Segamat 
999 |a 0001126901   |b Book   |c Teenagers   |e Cawangan Bandar Tenggara 
999 |a 0001126903   |b Book   |c Children Collection   |e Cawangan Bandar Penawar 
999 |a 0001126905   |b Book   |c Children Collection   |e Cawangan Tangkak 
999 |a 0001126906   |b Book   |c Children Collection   |e Cawangan Pontian 
999 |a 0001126907   |b Book   |c Children Collection   |e Cawangan Mersing 
999 |a 0001126908   |b Book   |c Children Collection   |e Cawangan Bukit Gambir 
999 |a 0001126911   |b Book   |c Children Collection   |e Cawangan Bandar Penawar